000
00304nam a22001217a 4500
005
20230721161627.0
008
230721b ||||| |||| 00| 0 eng d
040
_c
AL
041
_a
eng
245
_a
Study on the problem of interaction between parents and working
260
_c
2003
942
_2
ddc
_c
BK
999
_c
228057
_d
228057